000 00271nam a22001217a 4500
040 _c0
082 _a808.53
_bM394 A
100 _aMuhammad Masood
_9130461
245 _aArt of Speech & Debate
260 _aLahore
_bOmer Publishers
300 _a224p.
942 _2ddc
_cBK
999 _c614652
_d614652